<?xml version='1.0' encoding='UTF-8'?>
  <record xmlns="http://www.loc.gov/MARC21/slim">
    <leader>00000nam a22000007i 4500</leader>
    <controlfield tag="001">ocn974061333</controlfield>
    <controlfield tag="003">OCoLC</controlfield>
    <controlfield tag="005">20250702203457.9</controlfield>
    <controlfield tag="008">991018s1697    ne            000 0 lat d</controlfield>
    <datafield tag="040" ind1=" " ind2=" ">
      <subfield code="a">QGJ</subfield>
      <subfield code="b">dut</subfield>
      <subfield code="c">QGJ</subfield>
    </datafield>
    <datafield tag="035" ind1=" " ind2=" ">
      <subfield code="a">(OCoLC)974061333</subfield>
    </datafield>
    <datafield tag="041" ind1="0" ind2=" ">
      <subfield code="a">lat</subfield>
      <subfield code="a">fre</subfield>
      <subfield code="a">dut</subfield>
      <subfield code="a">eng</subfield>
    </datafield>
    <datafield tag="245" ind1="0" ind2="0">
      <subfield code="a">Atlas sive descriptio terrarum orbis, cum indicibus alphabeticis per quas omnia, in hisce tabulis invenienda loca nobis facillime ostenduntur =</subfield>
      <subfield code="b">Atlas ou description du monde, avec les tables alphabétiques pour trouver facilement tout les places exprimés dans ces cartes = Atlas ofte werelt beschryvinge, met haer alphabet ofte naemregister waer door alles 't geen in dese kaarten te vinden is gemackelijck aengewese werdt = Atlas or description of the world, with an alphabetical table wherein all wkick is contained in these maps maij be found by lookings under the respective letters.</subfield>
    </datafield>
    <datafield tag="246" ind1="1" ind2=" ">
      <subfield code="a">Atlas ou description du monde, avec les tables alphabétiques pour trouver facilement tout les places exprimés dans ces cartes</subfield>
    </datafield>
    <datafield tag="246" ind1="1" ind2=" ">
      <subfield code="a">Atlas ofte werelt beschryvinge, met haer alphabet ofte naemregister waer door alles 't geen in dese kaarten te vinden is gemackelijck aengewese werdt</subfield>
    </datafield>
    <datafield tag="246" ind1="1" ind2=" ">
      <subfield code="a">Atlas or description of the world, with an alphabetical table wherein all wkick is contained in these maps maij be found by lookings under the respective letters</subfield>
    </datafield>
    <datafield tag="264" ind1=" " ind2="1">
      <subfield code="a">Amstelodami :</subfield>
      <subfield code="b">ex officina Frederici de Wit,</subfield>
      <subfield code="c">[na 1697]</subfield>
    </datafield>
    <datafield tag="300" ind1=" " ind2=" ">
      <subfield code="a">-- p. ;</subfield>
      <subfield code="c">54 cm</subfield>
    </datafield>
    <datafield tag="336" ind1=" " ind2=" ">
      <subfield code="a">tekst</subfield>
      <subfield code="b">txt</subfield>
      <subfield code="2">rdacontent/dut</subfield>
    </datafield>
    <datafield tag="337" ind1=" " ind2=" ">
      <subfield code="a">zonder medium</subfield>
      <subfield code="b">n</subfield>
      <subfield code="2">rdamedia/dut</subfield>
    </datafield>
    <datafield tag="338" ind1=" " ind2=" ">
      <subfield code="a">band</subfield>
      <subfield code="b">nc</subfield>
      <subfield code="2">rdacarrier/dut</subfield>
    </datafield>
    <datafield tag="340" ind1=" " ind2=" ">
      <subfield code="m">2-o.</subfield>
    </datafield>
    <datafield tag="500" ind1=" " ind2=" ">
      <subfield code="a">Datering volgens G.S. Carhart (bezoeker leeszaal 2006) terminus post quem: 1697 (zie kaart Hongarije hM) en ante quem: 1705 (op grond van wapen van Spanje).</subfield>
    </datafield>
    <datafield tag="562" ind1=" " ind2=" ">
      <subfield code="a">ex.: ontbreekt Nova orbis tabulae + Asia.</subfield>
      <subfield code="5">NL-UtRU</subfield>
    </datafield>
    <datafield tag="510" ind1="0" ind2=" ">
      <subfield code="a">Koeman 4, Wit 2</subfield>
    </datafield>
    <datafield tag="510" ind1="0" ind2=" ">
      <subfield code="a">Tiele, Ned. bibl. van land- en volkenkunde 1217</subfield>
    </datafield>
    <datafield tag="500" ind1=" " ind2=" ">
      <subfield code="a">Imprint: Amstelodami, ex officina Frederici de Wit, in platea vitulina prope forum vulgo den Dam sub signo de Witte Pascaart (titelgravure: Tot Amsterdam bij Frederick de Wit in de Calverstraet bij den Dam inde Witte Paskaert.).</subfield>
    </datafield>
    <datafield tag="500" ind1=" " ind2=" ">
      <subfield code="a">Illustrations: o.m. titelgravure (diepdruk / intaglio printing).</subfield>
    </datafield>
    <datafield tag="530" ind1=" " ind2=" ">
      <subfield code="a">Also available in online version.</subfield>
    </datafield>
    <datafield tag="776" ind1="0" ind2="8">
      <subfield code="i">Online version:</subfield>
      <subfield code="t">Atlas sive descriptio terrarum orbis, cum indicibus alphabeticis per quas omnia, in hisce tabulis invenienda loca nobis facillime ostenduntur =</subfield>
      <subfield code="d">Amstelodami : ex officina Frederici de Wit, [na 1697]</subfield>
    </datafield>
    <datafield tag="856" ind1="4" ind2="1">
      <subfield code="u">http://objects.library.uu.nl/reader/resolver.php?obj=000578468&amp;type=2</subfield>
      <subfield code="x">Online</subfield>
      <subfield code="z">Full Text</subfield>
    </datafield>
    <datafield tag="936" ind1=" " ind2=" ">
      <subfield code="a">BATCHLOAD</subfield>
    </datafield>
  </record>